National conference on instruction in landscape architecture /

Saved in:
Bibliographic Details
Corporate Authors: National Conference on Instruction in Landscape Architecture University of Illinois, Monticello), University of Illinois (Urbana-Champaign campus)
Other Authors: White, Stanley, 1891-
Format: Book
Language:English
Published: Monticello, Ill. : The University, 1955.
Subjects:
Tags: Add Tag
No Tags, Be the first to tag this record!
LEADER 01040nam a22002297u 4500
001 000000314-X
005 20020606090541.3
008 830127|1955 ||||||| |||| |0||||eng|d
035 0 |a ocn188263806 
111 2 |a National Conference on Instruction in Landscape Architecture  |n (36th :  |d 1955 :  |c University of Illinois, Monticello) 
245 1 0 |a National conference on instruction in landscape architecture /  |c Department of City Planning and Landscape Architecture, University of Illinois. 
260 0 |a Monticello, Ill. :  |b The University,  |c 1955. 
300 |a 23 p. ;  |c 28 cm. 
500 |a Typescript. 
500 |a Conference held June 22-25, 1955 at Allerton House, Monticello, Illinois. 
500 |a Stanley White, Conference Chairman. 
611 2 0 |a National Conference on Instruction in Landscape Architecture  |n (36th :  |d 1955 :  |c Monticello) 
650 0 |a Landscape architecture  |x Study and teaching  |x Congresses. 
700 1 |a White, Stanley,  |d 1891- 
710 2 |a University of Illinois (Urbana-Champaign campus) 
988 |a 20020608 
906 |0 MH